000 00573nam a2200169Ia 4500
001 6525
008 260427s9999 xx 000 0 und d
020 _a9780873362108
245 0 _aEha Ko'u 'Opu! = My Opu Hurts: A bilingual Hawaiian story/
_c by Kaohua Lucas (Author), Boots Lupenui (Illustrator)
260 _aHonolulu;
_bKamehameha Publishing;
_c2009
300 _a28p;
_c18x13cm
490 _aKamaiki Series;
_vBook 3
650 _aIndigenous societies
_99260
650 _aPZ(1)-90 Fiction and juvenile belles lettres
_99351
651 _aHawaii
_92928
942 _cBK
999 _c6525
_d6525